Normal view
MARC view
- Pérez-Rincón, Héctor
Entry Nombre Personal
001 - NUMERO DE CONTROL
- campo de control: 44270
003 - IDENTIFICADOR DE NUMERO DE CONTROL
- campo de control: DLC
005 - FECHA Y HORA DE LA ÜLTIMA TRANSACCIÓN
- campo de control: 20220502140338.0
008 - DATOS DE LONGITUD FIJA
- campo de control de longitud fija: 220502n| acannaabn |a aaa c
010 ## - NÚMERO DE CONTROL DE LA BIBLIOTECA DEL CONGRESO
- Número de control LC: no2005042907
035 ## - NUMERO DE CONTROL
- Número de control: (OCoLC)oca06626125
040 ## - FUENTE DE CATALOGACIÓN
- Agencia original de catalogación: MX-SlUA
- Lenguaje de catalogación: spa
- Agencia de transcripción: MX-SlUA
- Agencia que lo modifica: MX-MxUPN
100 1# - ENCABEZAMIENTO - NOMBRE PERSONAL
- Nombre personal: Pérez-Rincón, Héctor
400 1# - VEÁSE - NOMBRE DE PERSONA
- Personal name: Rincón, Héctor Pérez
670 ## - FUENTE EN LA QUE SE LOCALIZARON DATOS
- Cita de la fuente: El teatro de las histéricas, 1998:
- Información localizada: portada (Héctor Pérez-Rincón)
902 ## - CATALOGADOR
- Catalogador: NDAF/220502
